000 00928nam a22002177a 4500
999 _c6602
_d6602
003 AR-CdUCM
008 190318b ||||| |||| 00| 0 eng d
040 _aMUNICIPALIDAD PROVINCIAL DEL CUSCO
_cBIBLIOTECA MUNICIPAL DEL CUSCO
082 _a603 /
_bL62
110 _aLife
_918581
245 _aThe Matter /
260 _aEstados Unidos :
_bLife ,
_c1964.
300 _a200 páginas ;
_c28.2 cm.
440 _aLife Science Library
_918576
505 _aContenido : And endless searching for substance -- The Basic ingredients of a complex wold -- The Wayward, willfull ways of gas -- The Restless surge off the liquid state -- A deceptive Facade of solidity -- Mapping the terrain of the Atom -- The Nucleus : Enigmatic Hearth of Matter -- The start of an unfinished chain reaction...
650 _aEstudios de la Materia
_918582
650 _aMatter
_918583
650 _aMateria
_9883
942 _2ddc
_cLIBROS
945 _artm